Parliamentary salaries and allowances in Australia, as at 1st July, 1969 : a comparative table.

Saved in:
Bibliographic Details
Corporate Author: New South Wales. Parliamentary Library
Format: Book
Language:English
Published: Sydney : N.S.W. Parliamentary Library, 1969.
Series:Reference monograph (New South Wales. Parliamentary Library) ; no. 6.
Subjects:
LEADER 01105nam a2200265 a 4500
001 c000348750
003 CARM
005 20000714111826.0
008 870401s1969 xna 000 0 eng d
019 1 |a 6683471  |z 3983508  |z 58007721  |5 LACONCORD2021 
035 |a (OCoLC)37088805  |5 LACONCORD2021 
040 |a ANL  |b eng  |c ANL  |d SUA 
082 0 4 |a 354.94001232 
110 1 |a New South Wales.  |b Parliamentary Library. 
245 1 0 |a Parliamentary salaries and allowances in Australia, as at 1st July, 1969 :  |b a comparative table. 
260 |a Sydney :  |b N.S.W. Parliamentary Library,  |c 1969. 
300 |a 30 l. :  |b chiefly tables ;  |c 21 x 34 cm. 
490 0 |a Reference monograph ;  |v no. 6 
500 |a Processed. 
505 0 |a Cover title. 
650 0 |a Legislators  |z Australia  |x Salaries, etc. 
830 0 |a Reference monograph (New South Wales. Parliamentary Library) ;  |v no. 6. 
852 8 |b CARM  |h A2:AD16H0  |i E01946  |p 0410089  |f BK 
999 f f |i 1b575ec0-5758-57b1-baf5-68b77d84401f  |s 37ad473a-e8f4-56f9-9fd3-61a64f37f921 
952 f f |p Can circulate  |a CAVAL  |b CAVAL  |c CAVAL  |d CARM 1 Store  |e E01946  |f A2:AD16H0  |h Other scheme  |i book  |m 0410089